| 000 | 00804nam a2200277Ia 4500 | ||
|---|---|---|---|
| 001 | Z_2348 | ||
| 003 | CHAP | ||
| 008 | 220113s1993 xx 000 0 und d | ||
| 010 | _a165405 | ||
| 040 | _cCHAP | ||
| 090 | _aTesis R 858 | ||
| 100 |
_aReyes Montes, Francisco _996919 |
||
| 245 |
_aDiagnóstico de la ganadería de las Mixtecas Oaxaqueñas / _cpor Francisco Reyes Montes |
||
| 260 |
_aChapingo, Méx. : _bEl autor, _c1993 |
||
| 300 | _a65 h. | ||
| 440 | _a | ||
| 502 | _aTesis (Ing. Agr. Esp. en Zootecnia) -- UACH. Departamento de Zootecnia | ||
| 503 | _a | ||
| 650 |
_aGanadería _xOaxaca I. UACH. Departamento de Zootecnia II. t. III. t : Mixtecas Oaxaqueñas _9139287 |
||
| 901 | _aTesis R 858 | ||
| 902 | _aA | ||
| 910 | _a1993 | ||
| 942 | _c2 | ||
| 942 | _c2 | ||
| 999 |
_c165405 _d165405 |
||